[Event "IND-ch (Women) 41st"]
[Site "Sangli"]
[Date "2014.11.04"]
[Round "10"]
[White "Padmini, Rout"]
[Black "Hinduja, Reddy"]
[Result "1-0"]
[WhiteElo "2331"]
[BlackElo "1934"]
[PlyCount "187"]
[EventDate "2014.10.25"]
[EventType "tourn"]
[EventRounds "11"]
[EventCountry "IND"]
[SourceTitle "EXT 2015"]
[Source "ChessBase"]
[SourceDate "2014.11.20"]
[SourceVersion "1"]
[SourceVersionDate "2014.11.20"]
[SourceQuality "1"]

1. e4 c5 2. Nf3 d6 3. d4 cxd4 4. Nxd4 Nf6 5. Nc3 a6 6. Qf3 e5 7. Nf5 Be6 8. Bg5 Nbd7 9. 0-0-0 Qc7 10. g4 h6 11. Bd2 0-0-0 12. h4 Nb6 13. Be3 Kb8 14. g5 hxg5 15. Bxg5 Rc8 16. Nxg7 Bxg7 17. Bxf6 Bxf6 18. Qxf6 Na4 19. Rd3 Qa5 20. Bh3 Nxc3 21. bxc3 Qxa2 22. Kd2 Qc4 23. Bf5 a5 24. h5 a4 25. h6 Qc5 26. Bxe6 fxe6 27. Qxe6 Qxf2+ 28. Kc1 Qf4+ 29. Kb2 Qxe4 30. Qxd6+ Ka7 31. Rh5 Rc6 32. Rxe5 Rxd6 33. Rxe4 Rdxh6 34. Rxa4+ Kb6 35. Rd7 Kc6 36. Rg7 Rb8 37. Rc4+ Kb6 38. Rcc7 Rh4 39. Kb3 Rh3 40. Kb4 Rh2 41. Kb3 Rh3 42. Kb2 Rh6 43. Rcf7 Rc6 44. Kb3 Ka6 45. c4 Rb6+ 46. Kc3 Rc6 47. Kb4 Rbc8 48. Rf4 Rb6+ 49. Kc3 Rbc6 50. Rg5 R8c7 51. Rb5 b6 52. Kb4 Re7 53. Rf3 Re4 54. Ra3+ Kb7 55. Rc3 Ka6 56. Kb3 Re1 57. Rd5 Rb1+ 58. Ka2 Rb4 59. c5 bxc5 60. Rdxc5 Rcb6 61. Rb3 Rxb3 62. cxb3 Rb5 63. Rc6+ Rb6 64. Rc7 Rb5 65. Kb2 Kb6 66. Rh7 Rc5 67. b4 Rc6 68. Kb3 Rf6 69. Rd7 Rf3+ 70. Ka4 Rf5 71. Rd8 Rf4 72. Rb8+ Kc7 73. Rb5 Rf1 74. Rh5 Kb6 75. Rh6+ Kb7 76. Ka5 Ra1+ 77. Kb5 Rb1 78. Rh7+ Kb8 79. Ka5 Rb2 80. b5 Rb1 81. Kb6 Kc8 82. Rh8+ Kd7 83. Rb8 Rb2 84. Ka7 Ra2+ 85. Kb7 Rb2 86. b6 Rb1 87. Rh8 Kd6 88. Rc8 Rb3 89. Ka7 Ra3+ 90. Kb8 Rb3 91. b7 Kd7 92. Rc7+ Kd8 93. Rc5 Rb1 94. Ka7 1-0

[Event "IND-ch (Women) 41st"]
[Site "Sangli"]
[Date "2014.11.02"]
[Round "8"]
[White "Gomes, Mary Ann"]
[Black "Hinduja, Reddy"]
[Result "1-0"]
[WhiteElo "2355"]
[BlackElo "1934"]
[PlyCount "71"]
[EventDate "2014.10.25"]
[EventType "tourn"]
[EventRounds "11"]
[EventCountry "IND"]
[SourceTitle "EXT 2015"]
[Source "ChessBase"]
[SourceDate "2014.11.20"]
[SourceVersion "1"]
[SourceVersionDate "2014.11.20"]
[SourceQuality "1"]

1. c4 Nf6 2. Nc3 c5 3. g3 g6 4. Bg2 Bg7 5. Nf3 0-0 6. 0-0 Nc6 7. d3 d5 8. cxd5 Nxd5 9. Nxd5 Qxd5 10. Be3 Qd6 11. Nd2 b6 12. Nc4 Qd7 13. Rc1 Bb7 14. Qa4 Rfd8 15. Rfe1 Rac8 16. a3 Ba8 17. b4 cxb4 18. axb4 h5 19. Bxb6 axb6 20. Nxb6 Qa7 21. Qxa7 Nxa7 22. Nxc8 Bxg2 23. Nxa7 Bd5 24. Rc8 Rxc8 25. Nxc8 Kf8 26. d4 Be6 27. Na7 Bxd4 28. Nc6 Bb6 29. Ra1 Bc4 30. Ra8+ Kg7 31. Rb8 Bc7 32. Rb7 Bd6 33. e4 e5 34. Rd7 Bf8 35. Nxe5 Be6 36. Rb7 1-0

[Event "IND-ch (Women) 41st"]
[Site "Sangli"]
[Date "2014.10.25"]
[Round "1"]
[White "Bhakti, Kulkarni"]
[Black "Hinduja, Reddy"]
[Result "1-0"]
[WhiteElo "2295"]
[BlackElo "1934"]
[PlyCount "57"]
[EventDate "2014.10.25"]
[EventType "tourn"]
[EventRounds "11"]
[EventCountry "IND"]
[SourceTitle "EXT 2015"]
[Source "ChessBase"]
[SourceDate "2014.11.20"]
[SourceVersion "1"]
[SourceVersionDate "2014.11.20"]
[SourceQuality "1"]

1. d4 Nf6 2. c4 g6 3. Nc3 d5 4. cxd5 Nxd5 5. e4 Nxc3 6. bxc3 Bg7 7. Qa4+ Qd7 8. Qb3 0-0 9. Nf3 c5 10. d5 b6 11. Bc4 Na6 12. 0-0 Nc7 13. a4 e6 14. Bf4 exd5 15. exd5 Bb7 16. Rad1 Rad8 17. Ne5 Bxe5 18. Bxe5 Ne8 19. Qa2 Qf5 20. Rfe1 Nd6 21. Bd3 Qg5 22. c4 Bc8 23. Qb2 Qh6 24. Bf6 Rd7 25. Be7 Ba6 26. Qf6 Ne8 27. Qc6 Rxe7 28. Rxe7 Ng7 29. Rxa7 1-0

[Event "IND-chB (Women) 41st"]
[Site "Mapusa"]
[Date "2014.09.14"]
[Round "10"]
[White "Soumya, Swaminathan"]
[Black "Hinduja, Reddy"]
[Result "0-1"]
[WhiteElo "2352"]
[BlackElo "1867"]
[PlyCount "80"]
[EventDate "2014.09.07"]
[EventType "swiss"]
[EventRounds "11"]
[EventCountry "IND"]
[SourceTitle "CBM 162 Extra"]
[Source "ChessBase"]
[SourceDate "2014.10.17"]
[SourceVersion "1"]
[SourceVersionDate "2014.10.17"]
[SourceQuality "1"]

1. e4 c5 2. Nf3 d6 3. d4 cxd4 4. Nxd4 Nf6 5. Nc3 a6 6. Be3 e5 7. Nb3 Be6 8. Qd2 Be7 9. h3 0-0 10. 0-0-0 Nbd7 11. f4 exf4 12. Bxf4 Ne5 13. g4 Rc8 14. Qg2 Qc7 15. g5 Nfd7 16. Nd4 Qa5 17. Bd2 Rfe8 18. a3 Qc5 19. Nf5 Bf8 20. Be3 Qc6 21. Nd5 Nc4 22. Bxc4 Qxc4 23. Nf6+ Nxf6 24. Nh6+ Kh8 25. gxf6 g6 26. Rd4 Bxh6 27. Rxc4 Bxe3+ 28. Kb1 Rxc4 29. Re1 Bd4 30. Qf3 Rec8 31. Re2 b5 32. c3 Be5 33. Rf2 h5 34. Qe3 Kh7 35. Qa7 R4c6 36. Kc1 d5 37. exd5 Bxd5 38. Qe7 Be6 39. Qb7 Rd6 40. Re2 Bb3 0-1

[Event "IND-chB (Women) 41st"]
[Site "Mapusa"]
[Date "2014.09.10"]
[Round "6"]
[White "Bhakti, Kulkarni"]
[Black "Hinduja, Reddy"]
[Result "1-0"]
[WhiteElo "2328"]
[BlackElo "1867"]
[PlyCount "70"]
[EventDate "2014.09.07"]
[EventType "swiss"]
[EventRounds "11"]
[EventCountry "IND"]
[SourceTitle "CBM 162 Extra"]
[Source "ChessBase"]
[SourceDate "2014.10.17"]
[SourceVersion "1"]
[SourceVersionDate "2014.10.17"]
[SourceQuality "1"]

1. d4 Nf6 2. c4 g6 3. Nc3 d5 4. Nf3 Bg7 5. e3 0-0 6. Be2 c5 7. dxc5 Qa5 8. 0-0 dxc4 9. Qd4 Na6 10. c6 bxc6 11. Qxc4 Nd5 12. Nd4 Nxc3 13. Qxc3 Qxc3 14. bxc3 c5 15. Nc6 Re8 16. Bb2 e5 17. Rfd1 Nc7 18. Ba3 Bf8 19. Rab1 Be6 20. c4 Bc8 21. Rb3 Re6 22. Rd8 Rxc6 23. Bf3 Rd6 24. Rxf8+ Kxf8 25. Bxc5 Ke7 26. Bxa8 Nxa8 27. Rd3 Nb6 28. Rxd6 Na4 29. Rd5+ Nxc5 30. Rxc5 Be6 31. Rxe5 Kd6 32. Ra5 Bxc4 33. Rxa7 Kc5 34. Rc7+ Kb4 35. Rxc4+ Kxc4 1-0

[Event "IND-chT (Women) 11th"]
[Site "Hyderabad"]
[Date "2013.02.21"]
[Round "2.1"]
[White "Padmini, Rout"]
[Black "Hinduja, Reddy"]
[Result "1-0"]
[WhiteElo "2307"]
[BlackElo "1771"]
[PlyCount "109"]
[EventDate "2013.02.20"]
[EventType "team-swiss"]
[EventRounds "7"]
[EventCountry "IND"]
[SourceTitle "CBM 153 Extra"]
[Source "ChessBase"]
[SourceDate "2013.04.22"]
[SourceVersion "1"]
[SourceVersionDate "2013.04.22"]
[SourceQuality "1"]
[WhiteTeam "Airports Authority (W)"]
[BlackTeam "Race (W)"]
[WhiteTeamCountry "IND"]
[BlackTeamCountry "IND"]

1. e4 c5 2. Nf3 d6 3. d4 cxd4 4. Nxd4 Nf6 5. Nc3 a6 6. h3 b5 7. g4 Bb7 8. Bg2 e6 9. a3 Be7 10. 0-0 Qc7 11. Be3 Nc6 12. f4 Nxd4 13. Qxd4 Rc8 14. g5 e5 15. Qd1 Nd7 16. f5 0-0 17. Qh5 Qc4 18. Rf2 Rfd8 19. Nd5 Bxd5 20. exd5 g6 21. Qf3 e4 22. Qxe4 Qxe4 23. Bxe4 Re8 24. Bg2 Bd8 25. Bd4 Bxg5 26. c3 Be3 27. Bxe3 Rxe3 28. fxg6 hxg6 29. a4 bxa4 30. Rxa4 Nc5 31. Ra2 Kf8 32. Bf1 Rce8 33. Rc2 R8e5 34. b4 Ne4 35. c4 Re1 36. Re2 Rb1 37. Rab2 Rc1 38. b5 Rg5+ 39. Kh2 axb5 40. Rxe4 Rxf1 41. cxb5 Rgg1 42. Ree2 Rh1+ 43. Kg3 Rc1 44. b6 Rc8 45. b7 Rb8 46. Rec2 Re1 47. Kf4 Re7 48. Rc8+ Re8 49. Rxe8+ Kxe8 50. Kg5 Ke7 51. h4 f6+ 52. Kxg6 Rg8+ 53. Kf5 Rb8 54. h5 Kf7 55. h6 1-0

[Event "IND-chB (Women) 38th"]
[Site "Chennai"]
[Date "2011.07.05"]
[Round "6"]
[White "Hinduja, Reddy"]
[Black "Monnisha, GK."]
[Result "0-1"]
[WhiteElo "1760"]
[BlackElo "1929"]
[PlyCount "102"]
[EventDate "2011.07.02"]
[EventType "swiss"]
[EventRounds "11"]
[EventCountry "IND"]
[SourceTitle "CBM 143 Extra"]
[Source "ChessBase"]
[SourceDate "2011.08.29"]
[SourceVersion "1"]
[SourceVersionDate "2011.08.29"]
[SourceQuality "1"]

1. d4 Nf6 2. Nf3 e6 3. g3 d5 4. Bg2 b5 5. 0-0 Bb7 6. Ne5 Bd6 7. Bg5 h6 8. Bxf6 Qxf6 9. f4 c5 10. e3 Nc6 11. Nc3 a6 12. b3 Rc8 13. Ne2 Rc7 14. c4 dxc4 15. bxc4 0-0 16. Nxc6 Bxc6 17. Bxc6 Rxc6 18. cxb5 axb5 19. dxc5 Bxc5 20. Qb3 b4 21. Kg2 Qg6 22. Rfd1 Ra8 23. Qd3 Qf6 24. Qb5 Rcc8 25. Nd4 Qg6 26. Qd3 Qh5 27. Rd2 Qd5+ 28. Kf2 Bb6 29. Qb3 Bxd4 30. Qxd5 Bxe3+ 31. Kxe3 exd5 32. Rxd5 Rc2 33. Rb1 Ra3+ 34. Rd3 Rcxa2 35. Rxb4 Rxd3+ 36. Kxd3 Rxh2 37. Ke3 Kh7 38. Rb5 Kg6 39. g4 h5 40. g5 Rh3+ 41. Ke4 Ra3 42. Rb6+ f6 43. gxf6 gxf6 44. Rb2 f5+ 45. Kd5 Ra5+ 46. Kd4 Ra4+ 47. Ke3 Ra3+ 48. Kd4 h4 49. Rb8 Kh5 50. Ke5 Ra5+ 51. Kd4 Kg4 0-1

[Event "IND-chB (Women) 38th"]
[Site "Chennai"]
[Date "2011.07.03"]
[Round "3"]
[White "Anusha, NLV"]
[Black "Hinduja, Reddy"]
[Result "1/2-1/2"]
[WhiteElo "2010"]
[BlackElo "1760"]
[PlyCount "81"]
[EventDate "2011.07.02"]
[EventType "swiss"]
[EventRounds "11"]
[EventCountry "IND"]
[SourceTitle "CBM 143 Extra"]
[Source "ChessBase"]
[SourceDate "2011.08.29"]
[SourceVersion "1"]
[SourceVersionDate "2011.08.29"]
[SourceQuality "1"]

1. Nf3 Nc6 2. c4 Nf6 3. Nc3 d5 4. cxd5 Nxd5 5. e4 Nb6 6. d4 Bg4 7. d5 Bxf3 8. Qxf3 Nd4 9. Qd1 e5 10. Be3 c5 11. Bb5+ Nxb5 12. Nxb5 Qd7 13. Nc3 Bd6 14. 0-0 0-0 15. Qe2 a6 16. f4 exf4 17. Bxf4 Bxf4 18. Rxf4 f6 19. Raf1 Rfe8 20. Rf5 Nc8 21. Qf2 Nd6 22. Rf4 Rac8 23. Qg3 Kh8 24. Rh4 Nf7 25. Rf5 Nh6 26. Rfh5 b5 27. Ne2 Qf7 28. d6 Red8 29. Rd5 Rc6 30. Qd3 Qd7 31. Rhh5 c4 32. Qd2 Rxd6 33. Rxd6 Qxd6 34. Rd5 Qb6+ 35. Kh1 Nf7 36. Nf4 Re8 37. Rd4 Kg8 38. Nd5 Qb7 39. h3 Ng5 40. Qe3 Nf7 41. Qg3 1/2-1/2

[Event "IND-chB (Women)"]
[Site "Shilpgram"]
[Date "2010.08.24"]
[Round "7"]
[White "Tejaswini, Sagar"]
[Black "Hinduja, Reddy"]
[Result "0-1"]
[WhiteElo "1637"]
[BlackElo "1857"]
[PlyCount "74"]
[EventDate "2010.08.20"]
[EventType "swiss"]
[EventRounds "11"]
[EventCountry "IND"]
[SourceTitle "CBM 138 Extra"]
[Source "ChessBase"]
[SourceDate "2010.10.29"]
[SourceVersion "1"]
[SourceVersionDate "2010.10.29"]
[SourceQuality "1"]

1. e4 g6 2. d4 Bg7 3. Nc3 d6 4. f4 Nf6 5. Nf3 0-0 6. Bd3 c5 7. dxc5 dxc5 8. 0-0 e6 9. Qe1 Nc6 10. Qh4 Nd7 11. Qh3 Nb6 12. Be3 Qe7 13. Kh1 Bd7 14. Rfe1 Rac8 15. f5 Ne5 16. Nxe5 Bxe5 17. Bh6 Rfe8 18. fxg6 hxg6 19. Rf1 c4 20. Be2 Bc6 21. Qg4 Rc7 22. h4 Kh7 23. Be3 Rh8 24. Kg1 Kg7 25. g3 Bd7 26. Rf3 f5 27. exf5 exf5 28. Qg5 Qe6 29. Bxb6 Qxb6+ 30. Kf1 Bf6 31. Qc1 Bc6 32. Rf2 Bd4 33. Rh2 Bg1 34. Qf4 Bxh2 35. Qe5+ Kh7 36. Bxc4 Re8 37. Qf4 Qg1# 0-1

[Event "IND-chB (Women)"]
[Site "Shilpgram"]
[Date "2010.08.23"]
[Round "5"]
[White "Shiny, Das"]
[Black "Hinduja, Reddy"]
[Result "1/2-1/2"]
[WhiteElo "1601"]
[BlackElo "1857"]
[PlyCount "70"]
[EventDate "2010.08.20"]
[EventType "swiss"]
[EventRounds "11"]
[EventCountry "IND"]
[SourceTitle "CBM 138 Extra"]
[Source "ChessBase"]
[SourceDate "2010.10.29"]
[SourceVersion "1"]
[SourceVersionDate "2010.10.29"]
[SourceQuality "1"]

1. e4 g6 2. d4 Bg7 3. c4 d6 4. h3 Nf6 5. Nc3 0-0 6. Nf3 c5 7. d5 e5 8. Bd3 a6 9. Bg5 h6 10. Be3 Bd7 11. g4 g5 12. Qd2 b5 13. b3 bxc4 14. Bxc4 a5 15. a4 Na6 16. Nh2 Nb4 17. f3 Nh7 18. 0-0 h5 19. Rf2 h4 20. Nb5 Qe7 21. Rb1 Rfc8 22. Rg2 Bf6 23. Rf2 Nf8 24. Nf1 Ng6 25. Kh2 Nf4 26. Qd1 Na6 27. Bd2 Nb4 28. Bc3 Qf8 29. Qd2 Bd8 30. Ne3 Bb6 31. Rd1 Qe7 32. Rb1 Qf8 33. Rd1 Qe7 34. Rb1 Qf8 35. Rd1 Qe7 1/2-1/2